Statistics for French Geography A-Z

Click here to take the quiz!

General Stats

  • This quiz has been taken 591 times
    (522 since last reset)
  • The average score is 17 of 24

Answer Stats

ClueAnswer% Correct
DCity famous for it mustardDijon
96%
PMountain range shared with SpainPyrenees
94%
GLake shared with SwitzerlandGeneva
93%
VResidence of King Louis XIVVersailles
93%
EBody of water that separates
England from France
English
Channel
92%
LLongest river entirely in FranceLoire
89%
BTallest mountainBlanc
84%
KEnglish county bounded to France
via an underwater tunnel
Kent
81%
RMarseille is located on the
mouth of this river
Rhône
79%
CWine region in northeastern FranceChampagne
73%
OOne of the D-Day beachesOmaha
73%
ACapital of CorsicaAjaccio
70%
NMajor city at the mouth of LNantes
68%
FHeraldic symbol of FranceFleur-de-Lis
67%
USorbonne or Descartes, e.g.University
66%
IFrench region in which
Paris is located
Île-de-France
65%
WFrench-speaking part of Belgium
that borders France
Wallonia
65%
MIsland in the CaribbeanMartinique
61%
SCapital of the Grand EstStrasbourg
60%
TThe high-speed rail systemTGV
58%
QCity in Brittany and the capital of
the Finistère department
Quimper
40%
JSub-alpine mountain rangeJura
39%
HNorthernmost regionHauts-de-France
30%
YDepartment in which V is locatedYvelines
17%

Score Distribution

Percentile by Number Answered

Percent of People with Each Score

Your Score History

You have not taken this quiz since the last reset